Proceedings of the Summer School in Logic Leeds, 1967

Збережено в:
Бібліографічні деталі
Співавтор: NATO (Автор)
Формат: Книга
Мова:Англійська
Німецька
Опубліковано: Berlín Springer-Verlag 1968
Серія:Lecture Notes in Mathematics, 70
Предмети:
Теги: Додати тег
Немає тегів, Будьте першим, хто поставить тег для цього запису!

MARC

LEADER 00000nam a2200000 a 4500
001 UCQ8719
003 CL-VaPUC
005 20240923165907.0
008 981217e19680000gw 1 eng d
041 0 7 |a eng  |2 CL-VaPUC 
041 0 7 |a ger  |2 CL-VaPUC 
082 0 4 |a 511.3  |b NAT  |2 21 
110 2 |a NATO  |e author  |9 619208 
245 1 0 |a Proceedings of the Summer School in Logic Leeds, 1967 
260 |a Berlín  |b Springer-Verlag  |c 1968 
300 |a 331 p 
490 0 |a Lecture Notes in Mathematics, 70 
583 |a last modification  |c 19981217 00:00:00  |k Rodrigo Vera 
650 0 0 |a Lógica matemática   |9 262442 
650 0 0 |a Modelos matemáticos   |9 259437 
650 0 0 |a Funciones (Matemáticas)  |9 338128 
650 0 7 |a CALCULO DE PREDICADOS  |2 CL-VaPUC  |9 421888 
650 0 0 |a Teoría de números  |9 265327 
942 |c BK 
945 |a cmena  |d 19981217 00:00:00 
546 |a En Inglés 
546 |a En Alemán 
536 |a NATO 
536 |a Association for Symbolic Logic 
518 |p Summer School in Logic, 7 al 23 de Agosto de 1967 
999 |c 383299  |d 383297 
952 |0 0  |1 0  |4 0  |6 511_300000000000000_NAT_1968  |7 0  |8 A  |9 505377  |a BIBMAT  |b BIBMAT  |d 2020-01-23  |i 1307991  |o 511.3 NAT 1968  |p 1307991  |r 2025-01-07  |w 2020-01-23  |y BK  |k MAT